| 000 | 00407nam a22001577a 4500 | ||
|---|---|---|---|
| 999 |
_c533049 _d533049 |
||
| 003 | NUST | ||
| 005 | 20191211114504.0 | ||
| 008 | 191211b ||||| |||| 00| 0 eng d | ||
| 038 | _aMSOHAIL | ||
| 082 | _a625.8 TRB | ||
| 100 |
_aTRB _919556 |
||
| 245 | _aPavement Design Management and Performance , Measurement of Surface Condition 1990 | ||
| 260 |
_aTRB _bc1990 |
||
| 300 | _a255;p; | ||
| 942 |
_2ddc _cBK |
||